Vyšetření sérového solubilního receptoru pro interleukin 2 u pacientů s lupénkou

Bibliographic Details
Main Authors: Lázničková, Pavla (Author), Plíšková, Lenka (Author), Ettlerová, E. (Author), Ettler, Karel, 1957- (Author), Nožičková, Marie, 1937- (Author), Palička, Vladimír, 1946- (Author)
Format: Article
Language:Slovak
Czech
PhysicalDescription:Tab.
ISSN:0009-0514
Subjects:

MARC

LEADER 00000nab a2200000 a 4500
001 vtls000663833
003 SK-MaSNL
005 20260304213230.0
008 250425c1998 xo 0 slo
015 |a SNBRB1998/06-15668 
035 |a CLN000016019 
035 |a urn:nbn:sk:snk-abaikq 
035 |a (urnnbn)urn:nbn:sk:snk:ar-007oog 
035 |a (uuid)10b79217-8d2c-4fda-b983-61a9d445365e 
040 |a SNKBUCL  |b slo  |c SNKBUCL  |e AACR2 
041 0 |a cze 
044 |a xo  |c SK 
080 |a 616.517-074  |2 1997 
245 0 0 |a Vyšetření sérového solubilního receptoru pro interleukin 2 u pacientů s lupénkou  |c P. Lázničková ... [et al.] 
300 |b Tab. 
504 |a Res. angl., čes. Bibliogr. odkazy 
650 0 7 |a psoriáza  |2 snkbucl  |9 13681 
650 0 7 |a interleukín 2  |2 snkbucl  |9 14483 
655 7 |a články z novín a časopisov  |2 snkbucl  |9 267496 
700 1 |a Lázničková, Pavla  |4 aut  |9 13050 
700 1 |a Plíšková, Lenka  |4 aut  |9 1130128 
700 1 |a Ettlerová, E.  |4 aut  |9 1133362 
700 1 |a Ettler, Karel,  |d 1957-  |4 aut  |9 205306 
700 1 |a Nožičková, Marie,  |d 1937-  |4 aut  |9 118088 
700 1 |a Palička, Vladimír,  |d 1946-  |4 aut  |9 104266 
773 0 |t Česko-slovenská dermatologie  |g Roč. 73, č. 3 (1998), s. 75-77  |x 0009-0514 
850 |a Slovenská národná knižnica 
852 |a Slovenská národná knižnica 
954 |a odborná, vedecká literatúra cudzojazyčná (svetová)  |2 lita 
958 |a article14 
958 |a NB 
958 |a OND 
958 |a EUIPO 
999 |c 3135113  |d 3137043